01376nam a22002057a 4500003001000000005001700010008004100027040001400068041000700082100002900089245008700118260003700205300001100242500004000253520080300293650003001096654001301126942001201139999001901151IT-MiCISF20200629130541.0200629b ||||| |||| 00| 0 eng d cIT-MiCISF aIT aIppolito Vincenzo958207 aIl piccolo alfabeto della fede in famigliabParole per imparare a crescere insieme aAngri (SA)bPunto Famigliac2019 app. 95 apastorale-familiare, famiglia, fede aIl volume presenta una raccolta di lettere rivolte a sposi e fidanzati. Un mosaico di volti e di storie per riscoprire, con lo sguardo della fede, il senso e la bellezza dell’essere famiglia. Pagine per fermarsi e pensare, per parlare al proprio cuore ed ascoltarlo, entrando nel ritmo della vita, che spesso, presi da tante cose, ci risulta estranea. Sono 21 lettere indirizzate ai tanti amici che in questi anni hanno bussato alla porta del convento dell’autore, fra Vincenzo. Un “tesoro spirituale” carico di tenerezza e passione, in cui egli educa il cuore del lettore a percepire la presenza del Signore anche nei gesti comuni e nelle parole più semplici. Al termine di ogni lettera viene proposta una preghiera per chiedere al Signore i doni per far crescere le nostre famiglie.  apastorale-famiiare958208 asussidio 2ddccBK c358675d358675